| 000 | 00500nam a22001697a 4500 | ||
|---|---|---|---|
| 005 | 20241221101607.0 | ||
| 008 | 241221b ||||| |||| 00| 0 eng d | ||
| 040 | _cAL | ||
| 041 | _aEnglish | ||
| 082 |
_223 _a348.04 _bEASS |
||
| 100 |
_aEastern Book Company _9191777 |
||
| 245 | _aSupreme Court Cases 2005: Vol 13 | ||
| 260 |
_aLucknow _bEastern Book Company |
||
| 365 |
_a1061 _b₹959.52 _c₹ _d₹1279.36 _e25% _f28-11-2024 |
||
| 650 |
_aMode of Citation (2005) 13 SCC _9191778 |
||
| 942 |
_2ddc _cBI |
||
| 999 |
_c233301 _d233301 |
||